| 000 | 00981nam a2200289 i 4500 | ||
|---|---|---|---|
| 001 | 68313 | ||
| 003 | ES-MaACL | ||
| 005 | 20230906170244.0 | ||
| 007 | t| | ||
| 008 | 040617s2003 sp ||||1| spa d | ||
| 020 | _a84-8103-312-X | ||
| 080 | _a398.8 | ||
| 080 | _a305-055.2(0:398) | ||
| 100 | 1 |
_aSuárez Robaina, Juana Rosa. _9108653 |
|
| 245 | 1 | 3 |
_aEl personaje mujer en el romancero tradicional _b: (imagen, amor y ubicación) / _cJuana Rosa Suárez Robaina. |
| 250 | _a1ª ed. | ||
| 260 |
_aLas Palmas de Gran Canaria : _bEdiciones del Cabildo de Gran Canaria, _c2003. |
||
| 300 |
_a302 p. ; _c21 cm. |
||
| 490 | 1 | _aLengua y literatura | |
| 500 | _aIncluye (p. 261-276) selección de textos. | ||
| 504 | _aBibliografía: p. 283-297. | ||
| 650 | 1 | 4 |
_aRomances- _zEspaña- _xHistoria y crítica. _916936 |
| 650 | 4 |
_aMujeres- _xEn la literatura. _915271 |
|
| 830 | 0 |
_aLengua y literatura _9230935 |
|
| 852 |
_aES-MaACL _jL-27983 _bR.133825 |
||
| 999 |
_c68313 _d68313 |
||